000 00561nam a2200205 i 4500
001 100532
003 ES-MaACL
005 20230906182707.0
007 t|
008 050929s1957 sp ||||1| spa d
100 1 _aMasoliver, Liberata.
_978749
245 1 4 _aLos Galiano /
_cLiberata Masoliver.
250 _a[1ª ed.].
260 _aBarcelona :
_bJosé Janés,
_c1957.
300 _a224 p. ;
_c19 cm.
490 1 _aEl club de los lectores
830 0 _aEl club de los lectores
_9181015
852 _aES-MaACL
_jC-14440
_bR.41279
999 _c100532
_d100532